Table Tennis WTT Finals Winners - Statistics

General Stats
  • This quiz has been taken 23 times
  • The average score is 7 of 13
Answer Stats
# Country WTT Finals Winner % Correct
1 Tomokazu Harimoto
94%
1 Fan Zhendong
81%
3 Wang Chuqin
81%
4 Sun Yingsha
75%
3 Wang Manyu
69%
1 Félix Lebrun
56%
1 Alexis Lebrun
50%
1 Xiang Peng
31%
1 Honoka Hashimoto
25%
1 Lim Jong-hoon
25%
1 Shin Yu-bin
25%
1 Hitomi Satō
19%
1 Yuan Licen
19%
No matching quizzes found
Score Distribution
Percent of People with Each Score
Percentile by Number Answered
Your Score History
You have not taken this quiz